| 000 | 00519nam a2200181Ia 4500 | ||
|---|---|---|---|
| 005 | 20250423101202.0 | ||
| 008 | 250422s9999 xx 000 0 und d | ||
| 020 | _a9780881460827 | ||
| 050 | _aPS 3561 .K39/ | ||
| 100 | _aKay, Terry. | ||
| 245 | 4 | _aThe book of Marie : a novel | |
| 260 | _aMacon, Ga | ||
| 260 | _bMercer University Press | ||
| 260 | _c2007 | ||
| 300 | _a271 p | ||
| 650 | _aCivil rights workers--Fiction. Race relations--Fiction. Class reunions--Fiction. Atlanta (Ga.)--Fiction. | ||
| 942 | _cBK | ||
| 999 |
_c35549 _d35549 |
||